00824nam a22002415i 450000100060000000300090000600500170001500700030003200800410003502000180007604000220009408000150011610000400013124500510017126000310022230000280025349000390028150000120032083000470033285200640037999900170044395201220046013221ES-MaACL20240516063019.0t|950105s1982 sp a ||||0| spa j a84-86015-19-7 aM-BN bspa cM-BN a860-32"19"0 aPereira, Antonio,d1923-200999046514aLos brazos de la i griega / cAntonio Pereira. aGijón : bNoega, c1982. a170 p : bil ; c20 cm.1 aLos libros de la caja oscura ; v6 aIndice.0 aLos libros de la caja oscura ; v69185558 aES-MaACLjL-20540 bR.125855 q. - Ded. autógr. del autor c13221d13221 00104070aATENEOMbATENEOMcDEPO2d2008-01-17eSCl0oL-20540p1013463r2023-02-23 00:00:00w2023-02-23yMONOGRAFIA